PvZ2 Plants [Gemium] - Statistics

General Stats
  • This quiz has been taken 198 times
  • The average score is 9 of 14
Answer Stats
Hint Answer % Correct
firepeashooter
84%
Gemium squash
77%
jalapeno
76%
hurrikale
71%
hypnoshroom
71%
lavaguava
70%
shrinkingviolet
70%
homingthistle
68%
peanut
64%
electriccurrant
60%
ghostpepper
52%
sweetpotato
45%
sapfling
41%
aloe
19%
No matching quizzes found
Score Distribution
Percent of People with Each Score
Percentile by Number Answered
Your Score History
You have not taken this quiz